El Salvador: (Registro nro. 10029)

Detalles MARC
000 -LEADER
fixed length control field 00884nam a2200181Ia 4500
005 - FECHA Y HORA DE LA ÚLTIMA TRANSACCIÓN
control field 20231123114249.0
008 - FIXED-LENGTH DATA ELEMENTS--GENERAL INFORMATION
fixed length control field 231123s9999 xx 000 0 und d
040 ## - CATALOGING SOURCE
Original cataloging agency UPAN
Transcribing agency Biblioteca San Vicente
Description conventions RCAA2
041 ## - LANGUAGE CODE
Language code of text/sound track or separate title spa
082 ## - DEWEY DECIMAL CLASSIFICATION NUMBER
Classification number 304.6
Item number S253s
año de publicación 1994
100 ## - MAIN ENTRY--PERSONAL NAME
Personal name Salas de Estevez, Lesvia
Relator code aut.
245 #0 - TITLE STATEMENT
Title El Salvador:
Remainder of title Situación sociodemográfica/
Statement of responsibility, etc Lesvia Salas de Estévez
260 ## - PUBLICATION, DISTRIBUTION, ETC. (IMPRINT)
Place of publication, distribution, etc El Salvador:
Name of publisher, distributor, etc Ministerio de educación,
Date of publication, distribution, etc 1994
300 ## - PHYSICAL DESCRIPTION
Extent 113 p.;
Dimensions 21 cm.
505 ## - FORMATTED CONTENTS NOTE
Formatted contents note Indice, Unidad 1: Cambios en el volumen de la población 1. Unidad 2: Cambios en la fecundidad salvadoreña 23. Unidad 3: Cambios en la mortalidad salvadoreña 41. Unidad 4: Migración interna e internacional 65. Unidad 5: Cambios en la composición de la población salvadoreña 83. Unidad 6: Población y desarrollo 99.
650 ## - SUBJECT ADDED ENTRY--TOPICAL TERM
Source of heading or term LEMB
Topical term or geographic name as entry element Demografía
Geographic subdivision El Salvador
942 ## - ADDED ENTRY ELEMENTS (KOHA)
Koha item type Libros
Source of classification or shelving scheme Dewey Decimal Classification
Existencias
Withdrawn status Lost status Source of classification or shelving scheme Damaged status Not for loan Collection code Home library Current library Date acquired Total Checkouts Full call number Barcode Date last seen Copy number Price effective from Koha item type
    Dewey Decimal Classification     Referencia Biblioteca UPAN San Vicente Biblioteca UPAN San Vicente 23/11/2023   304.6 S253s 12001990 23/11/2023 01 23/11/2023 Libros